000 00423cam a22001457a 4500
008 180718b2005 xxu||||| |||| 00| 0 eng d
020 _a8173917086
082 _aT42x54 C471
100 _aChugh, Pawan Kumar
245 _aIndian banking today: impact of reforms
_cby Pawan Kumar Chugh
260 _aNew Delhi
_bKanishka
_c2005
300 _a335p.
650 _aBank management - India
650 _aBanks and banking - India
999 _c403732
_d403732